[Event "FRA-chT U20 16 GP Basse 1213"]
[Site "France"]
[Date "2013.05.20"]
[Round "11"]
[White "Huguet, Alexandre"]
[Black "Vlachos, Anatole"]
[Result "1-0"]
[WhiteElo "1370"]
[BlackElo "1795"]
[PlyCount "113"]
[EventDate "2012.12.01"]
[EventType "team"]
[EventRounds "11"]
[EventCountry "FRA"]
[SourceTitle "EXT 2014"]
[Source "ChessBase"]
[SourceDate "2013.11.20"]
[SourceVersion "1"]
[SourceVersionDate "2013.11.20"]
[SourceQuality "1"]
[WhiteTeam "Vandoeuvre U20"]
[BlackTeam "Lutece (U20)"]
[WhiteTeamCountry "FRA"]
[BlackTeamCountry "FRA"]

1. d4 Nf6 2. Nf3 e6 3. e3 b6 4. Bd3 Bb7 5. 0-0 Be7 6. b3 0-0 7. Bb2 c5 8. Nbd2 d5 9. c4 Nbd7 10. Rc1 Rc8 11. Qe2 Re8 12. Ne5 Qc7 13. f4 Ne4 14. cxd5 exd5 15. Bb5 Nef6 16. g4 a6 17. dxc5 axb5 18. c6 Nc5 19. cxb7 Qxb7 20. Qxb5 Bd6 21. g5 Nfe4 22. Qe2 Nxg5 23. Qg4 f6 24. Nef3 Nxf3+ 25. Nxf3 Nd3 26. Rxc8 Qxc8 27. Qxc8 Rxc8 28. Bd4 Bc5 29. Rd1 Nb4 30. Rd2 Ra8 31. a4 Kf7 32. Kf2 Ke6 33. Rd1 Kf5 34. Bc3 Ke4 35. Bxb4 Bxb4 36. Rd4+ Kf5 37. Rxb4 Ra6 38. Nd4+ Kg6 39. Rb5 Ra8 40. Rxd5 Rc8 41. Rb5 Rc1 42. Rxb6 Rh1 43. Kg2 Re1 44. Re6 Ra1 45. f5+ Kg5 46. Re7 g6 47. Rxh7 gxf5 48. Rg7+ Kh5 49. Kf2 Ra2+ 50. Ke1 Rb2 51. Kd1 Rf2 52. Ne2 Kh6 53. Rc7 Rxh2 54. Kd2 Rh1 55. Rc1 Rh3 56. b4 Rh4 57. Rb1 1-0

[Event "FRA-chT U20 GpA 1213"]
[Site "France"]
[Date "2013.01.05"]
[Round "6"]
[White "Huguet, Alexandre"]
[Black "Lamblin, Jean"]
[Result "1/2-1/2"]
[WhiteElo "1370"]
[BlackElo "1763"]
[PlyCount "112"]
[EventDate "2012.12.01"]
[EventType "team"]
[EventRounds "7"]
[EventCountry "FRA"]
[SourceTitle "EXT 2014"]
[Source "ChessBase"]
[SourceDate "2013.11.20"]
[SourceVersion "1"]
[SourceVersionDate "2013.11.20"]
[SourceQuality "1"]
[WhiteTeam "Vandoeuvre U20"]
[BlackTeam "Monaco (U20)"]
[WhiteTeamCountry "FRA"]
[BlackTeamCountry "FRA"]

1. d4 Nf6 2. Nf3 d5 3. e3 c6 4. b3 Bf5 5. Bd3 Bxd3 6. cxd3 e6 7. 0-0 Nbd7 8. Bb2 Bd6 9. Nbd2 c5 10. Rc1 0-0 11. Ne5 cxd4 12. exd4 Rc8 13. Qe2 Rxc1 14. Rxc1 Qb8 15. f4 Rc8 16. Qe1 Rc7 17. Ndf3 Qc8 18. Ng5 Rxc1 19. Qxc1 Qxc1+ 20. Bxc1 Bxe5 21. dxe5 Ne8 22. Ba3 Nc7 23. Kf2 f6 24. Nf3 Nb5 25. Bb4 Nb8 26. a4 Nc6 27. Bc5 Nc7 28. Nd4 Na6 29. Nxc6 Nxc5 30. Nxa7 Nxd3+ 31. Ke3 Nc5 32. Nc8 Nxb3 33. Nd6 Nc5 34. a5 d4+ 35. Ke2 d3+ 36. Ke3 d2 37. Ke2 Nd7 38. exf6 gxf6 39. Nxb7 Kf7 40. Nd6+ Ke7 41. Ne4 f5 42. Nxd2 Kd6 43. Nc4+ Kc5 44. Kd3 Nb8 45. h3 h5 46. h4 Nc6 47. Nb6 Kd6 48. Nc4+ Kc5 49. Ne3 Nxa5 50. Nf1 Kd5 51. Ng3 e5 52. Nxh5 e4+ 53. Ke2 Ke6 54. Ng3 Nc6 55. h5 Ne7 56. Ke3 Nd5+ 1/2-1/2